Understanding Earth

Αποθηκεύτηκε σε:
Λεπτομέρειες βιβλιογραφικής εγγραφής
Κύριος συγγραφέας: Grotzinger, John P.
Μορφή: Βιβλίο
Γλώσσα:English
Δημοσίευση: New York : W.H. Freeman and Company, 2007
Έκδοση:5th ed.
Θέματα:
Ετικέτες: Προσθήκη ετικέτας
Δεν υπάρχουν, Καταχωρήστε ετικέτα πρώτοι!

MARC

LEADER 00000nam a2200000 i 4500
001 1/75224
008 080220s2007 eng d
020 |a 978-0-7167-6682-7 
020 |a 0-7167-6682-5 
035 |l 10094866 
040 |a GR-MY-UA  |b gre  |e aacr 
041 0 |a eng 
082 0 |a 551  |2 (22) 
100 1 |a Grotzinger, John P. 
245 1 0 |a Understanding Earth /  |c John Grotzinger ... [κ.ά.] 
250 |a 5th ed. 
260 |a New York :   |b W.H. Freeman and Company,   |c 2007 
300 |a xxiii, 579, 8, 18, 7, 26 σ.;  |b έγχρ. είκ., έγχρ. χάρτες;  |c 28 εκ. 
504 |a Περιέχει βιβλιογραφικές παραπομπές και ευρετήριο 
650 0 0 |a Earth sciences  |x Textbooks. 
852 |a INST  |b LESVOS  |e 20080220  |h 551 GRO  |p 005100038802  |q 005100038802  |t BK  |y 0 
852 |a INST  |b LESVOS  |e 20080902  |h 551 GRO  |p 005100042847  |q 005100042847  |t BK  |y 0 
901 |a BIBL1-2008-1 
901 |a BIBL1-2008-3 
909 |a Λ  |b 145814 
909 |a Λ  |b 144868 
922 |a 1ΕΛΗ  |b 200802  |c ΕΠΕΑΕΚ2/ΤΕΘ  |d ΠΑΠΑΣΩΤΗΡΙΟΥ 
922 |a 1ΕΛΗ  |b 200801  |c ΕΠΕΑΕΚ2/ΤΠ  |d ΠΑΠΑΣΩΤΗΡΙΟΥ 
970 |a ΓΙΑΛΑΜΑ  |b ΜΑΡΙΑ  |z 2008/02/20